<?xml version="1.0" encoding="UTF-8"?><?xml-stylesheet type="text/xsl" href="static/style.xsl"?><OAI-PMH xmlns="http://www.openarchives.org/OAI/2.0/" xmlns:xsi="http://www.w3.org/2001/XMLSchema-instance" xsi:schemaLocation="http://www.openarchives.org/OAI/2.0/ http://www.openarchives.org/OAI/2.0/OAI-PMH.xsd"><responseDate>2026-04-17T06:02:15Z</responseDate><request verb="GetRecord" identifier="oai:www.recercat.cat:2117/98617" metadataPrefix="marc">https://recercat.cat/oai/request</request><GetRecord><record><header><identifier>oai:recercat.cat:2117/98617</identifier><datestamp>2025-07-17T04:56:55Z</datestamp><setSpec>com_2072_1033</setSpec><setSpec>col_2072_452950</setSpec></header><metadata><record xmlns="http://www.loc.gov/MARC21/slim" xmlns:dcterms="http://purl.org/dc/terms/" xmlns:xsi="http://www.w3.org/2001/XMLSchema-instance" xmlns:doc="http://www.lyncode.com/xoai" xsi:schemaLocation="http://www.loc.gov/MARC21/slim http://www.loc.gov/standards/marcxml/schema/MARC21slim.xsd">
   <leader>00925njm 22002777a 4500</leader>
   <datafield ind2=" " ind1=" " tag="042">
      <subfield code="a">dc</subfield>
   </datafield>
   <datafield ind2=" " ind1=" " tag="720">
      <subfield code="a">García Vilana, Silvia</subfield>
      <subfield code="e">author</subfield>
   </datafield>
   <datafield ind2=" " ind1=" " tag="720">
      <subfield code="a">Martínez González, Eva</subfield>
      <subfield code="e">author</subfield>
   </datafield>
   <datafield ind2=" " ind1=" " tag="720">
      <subfield code="a">Sánchez Molina, David</subfield>
      <subfield code="e">author</subfield>
   </datafield>
   <datafield ind2=" " ind1=" " tag="720">
      <subfield code="a">Arregui Dalmases, Carlos</subfield>
      <subfield code="e">author</subfield>
   </datafield>
   <datafield ind2=" " ind1=" " tag="720">
      <subfield code="a">Velázquez Ameijide, Juan</subfield>
      <subfield code="e">author</subfield>
   </datafield>
   <datafield ind2=" " ind1=" " tag="720">
      <subfield code="a">Llumà Fuentes, Jordi</subfield>
      <subfield code="e">author</subfield>
   </datafield>
   <datafield ind2=" " ind1=" " tag="720">
      <subfield code="a">Rebollo Soria, María Carmen</subfield>
      <subfield code="e">author</subfield>
   </datafield>
   <datafield ind2=" " ind1=" " tag="260">
      <subfield code="c">2016-07-01</subfield>
   </datafield>
   <datafield ind2=" " ind1=" " tag="520">
      <subfield code="a">Se usa un montaje experimental basado en Emisión Acústica (EA) para detectar la energía elástica liberada durante el proceso de tracción y rotura de tejidos colaginosos. Se localizan las señales y se cuenta el número de microrroturas detectadas por unidad de tiempo. Se demuestra así que la EA puede usarse para detectar microrroturas en el interior de tejidos blandos colaginosos. En dichos tejidos, la resistencia se debe, fundamentalmente, a las fibras de colágeno&#xd;
(siendo menor la contribución de la elastina). La disposición de las fibras no es totalmente azarosa,&#xd;
sino, sólo parcialmente, aleatoria en la que distinguen algunas direcciones preferentes. Esta aleatoriedad dificulta hacer predicciones deterministas sobre el inicio del proceso de rotura de fibras. Inicialmente las fibras no están completamente rectas, por lo que al someterlas a tracción se alinean hasta que entran en tensión y empiezan a deformarse. A partir de cierto nivel de tensión, algunas de las fibras alcanzan su máxima resistencia a tracción y se rompen, mientras que otras permanecen sin tensión (éstas otras fibras sólo alcanzarán tensiones mayores una vez se hayan roto las fibras en situación más desfavorable). En este artículo se analiza una muestra de esófago humano, que se tracciona rompiendo algunas fibras hasta alcanzar la rotura completa del tejido. Los resultados se comparan con otras dos muestras de tejido colaginoso porcino procedentes de vejigas urinarias con el objeto de ver similaridades y diferencias. Los datos se analizan, estadísticamente, para ser comparados con un modelo de rotura estocástico que relaciona el nivel de tensión en el tejido con la probabilidad de rotura, dado el número de roturas previas detectadas, es decir, el deterioro previo del tejido. Se ha encontrado que la probabilidad de rotura puede ser representada adecuadamente por un proceso de Márkov (no homogéneo en el tiempo), a partir del cual se propone un modelo estocástico que parece adecuarse a los dos tipos de tejidos colagionosos estudiados. Además se prueba que la tensión final de rotura sigue una distribución de Fréchet (que es uno de los tres tipos posibles de distribución de valor extremo).</subfield>
   </datafield>
   <datafield ind2=" " ind1=" " tag="520">
      <subfield code="a">Postprint (author's final draft)</subfield>
   </datafield>
   <datafield tag="653" ind2=" " ind1=" ">
      <subfield code="a">Àrees temàtiques de la UPC::Enginyeria biomèdica::Biomecànica</subfield>
   </datafield>
   <datafield tag="653" ind2=" " ind1=" ">
      <subfield code="a">Biomechanics</subfield>
   </datafield>
   <datafield tag="653" ind2=" " ind1=" ">
      <subfield code="a">Emisión acústica</subfield>
   </datafield>
   <datafield tag="653" ind2=" " ind1=" ">
      <subfield code="a">Tejido colaginoso</subfield>
   </datafield>
   <datafield tag="653" ind2=" " ind1=" ">
      <subfield code="a">Teoría de la fiabilidad</subfield>
   </datafield>
   <datafield tag="653" ind2=" " ind1=" ">
      <subfield code="a">Biomecànica</subfield>
   </datafield>
   <datafield ind2="0" ind1="0" tag="245">
      <subfield code="a">Aplicación de la emisión acústica como método para anticipar el fallo de tejidos colaginosos (1ª parte)</subfield>
   </datafield>
</record></metadata></record></GetRecord></OAI-PMH>